Changeover: the perspective of the business sector

Salvato in:
Dettagli Bibliografici
Autore principale: Orgonáš, Jozef, 1957-
Natura: Capitolo di libro
Lingua:inglese
Tags: Aggiungi Tag
Nessun Tag, puoi essere il primo ad aggiungerne!!

MARC

LEADER 00000nla a2200000 4500
001 0233987
005 20240502083623.3
041 0 |a eng 
044 |a BE 
245 1 0 |a Changeover: the perspective of the business sector  |c Jozef Orgonáš 
500 |a Prezentácia 
100 1 |a Orgonáš, Jozef, 1957-